000 00527nam a2200205Ia 4500
001 11947
003 GE_BSU
008 181216s||||||||xx |||||||||||||| ||und||
020 _a9780061474316
040 _cGE_BSU
080 _a821.111-312.4
100 _aSands,Lynsay
245 4 _aThe renegade hunter:A Rogue Hunter Novel.
260 _aNew York
260 _bAvon animprint of Harper Collins publishers.
260 _c2010.
300 _a372p;18cm.
653 _aThe renegade hunter:A Rogue Hunter Novel.
942 _cBK
999 _c45124
_d45124